El número cinco /
Guardado en:
| Autor Principal: | |
|---|---|
| Formato: | Libro |
| Idioma: | Undetermined |
| Publicado: |
Buenos Aires :
SM,
2018.
|
| Series: | El barco de vapor
|
| Materias: | |
| Etiquetas: |
Agregar Etiqueta
Sin Etiquetas, Sea el primero en etiquetar este registro!
|
| LEADER | 00676nam a22002055a 4500 | ||
|---|---|---|---|
| 001 | CEM.cems019863 | ||
| 008 | 221116s2018####ag############000#0#und#d | ||
| 005 | 20221116145938.0 | ||
| 245 | 1 | 0 | |a El número cinco / |c Franco Vaccarini; ilustrador Santiago Grasso. |
| 260 | |a Buenos Aires : |b SM, |c 2018. | ||
| 300 | |a 136p. ; |c 19 cm. | ||
| 490 | 1 | |a El barco de vapor | |
| 020 | |a 9789877317282 | ||
| 100 | 1 | |a Vaccarini, Franco. | |
| 082 | 0 | 4 | |a A863 |
| 653 | |a Literatura Infantil | ||
| 653 | |a Literatura Juvenil | ||
| 653 | |a Novela | ||
| 859 | |a CEMS |b BIB. CEMS - Inicial y Primaria |h A863.4 |i V132-1 |k IP |p 6256 |t Ej.1 | ||
| 859 | |a CEMS |b BIB. CEMS - Inicial y Primaria |h A863.4 |i V132-1 |k IP |p 6255 |t Ej.1 | ||
